000 00863nam a2200253 i 4500
001 8443
003 KOSZ 005
005 20200630132818.0
008 070926s1968 pl a f f 000 0 pol
015 _aPB 1968/10137
040 _aWA N
_cKOSZ 005/KK
_dKOSZ 005/KK
080 _a62+66:681.3
100 1 _aHELLMANN, Włodzimierz
245 1 0 _aPodstawy zastosowania analogowych maszyn matematycznych /
_cWłodzimierz Hellmann.
260 _aPoznań :
_bPaństwowe Wydawnictwo Naukowe,
_c1968.
300 _a231 s. :
_bil. ;
_c23 cm.
380 _aKsiążki.
504 _aBibliogr. s.227-228.
650 4 _aTechnika
_xkomputeryzacja.
655 4 _aPodręcznik
710 2 _aPaństwowe Wydawnictwo Naukowe
_4pbl.
856 _uhttp://koha.tu.koszalin.pl/cgi-bin/koha/opac-detail.pl?biblionumber=8443
_yKatalog online BPK
942 _2UKD
_cKS
999 _c8443
_d8443